Normal view
MARC view
- Colvin, Ian
Entry Personal Name
001 - CONTROL NUMBER
- control field: 108500
003 - CONTROL NUMBER IDENTIFIER
- control field: NUST
005 - DATE AND TIME OF LATEST TRANSACTION
- control field: 20230202131607.0
008 - FIXED-LENGTH DATA ELEMENTS
- fixed length control field: 230202|| aca||aabn | a|a d
040 ## - CATALOGING SOURCE
- Original cataloging agency: NUST
- Transcribing agency: NUST
100 ## - HEADING--PERSONAL NAME
- Personal name: Colvin, Ian
670 ## - SOURCE DATA FOUND
- Source citation: Work cat.: (NUST)186962: Colvin, Ian , The life of general dyer / , 1923
